Perfil de la teoría moderna de la educación : (Registro nro. 8838)

Detalles MARC
000 -LIDER
fixed length control field 01097nam a22002897a 4500
003 - IDENTIFICACDOR DE NÚMERO DE CONTROL
control field DO-SdBNP
005 - DATE AND TIME OF LATEST TRANSACTION
control field 20180119130808.0
008 - ELEMENTOS DE LONGITUD FIJA
fixed length control field 151120b 1984 mx xxu||||| |||| 00| 0 spa d
040 ## - FUENTE DE CATALOGACIÓN
Agencia que crea de manera original el registro BPMSU
Idioma de catalogación spa
Agencia que realiza la transcripción BPMSU
100 1# - ASIENTO PRINCIPAL -- NOMBRE PERSONAL
Término de relación Ravaglioli, Fabrizio
240 10 - TITULO UNIFORME
Título uniforme Profilo delle teorie moderne dell' educazione.
Idioma de una obra Español
245 10 - MENCIÓN DE TITULO
Título Perfil de la teoría moderna de la educación :
Subtítulo La educación en Latinoamerica : mito y realidad /
Mención de responsabilidad Fabrizio Ravaglioli, Alberto L. Merani ; traducción Daniel Scipione.
260 ## - PUBLICACIÓN, DISTRIBUCIÓN, ETC. (PIE DE IMPRENTA)
Lugar de publicación, distribución, etc México :
Nombre del editor, distribuidor, etc. Grijalbo,
Fecha de publicación, distribución, etc 1984.
300 ## - DESCRIPCIÓN FÍSICA
Extensión 203 p. ;
Dimensiones 22 cm.
490 1# - MENCIÓN DE SERIES
Materiales especificados Pedagógica
490 1# - MENCIÓN DE SERIES
Mención de serie Compendio de la ciencia de la educación
563 ## - INFORMACIÓN DE LA ENCUADERNACIÓN
Nota de la encuadernación Dos obras encuadernadas juntas con paginación continua.
700 12 - ASIENTO SECUNDARIO -- NOMBRE PERSONAL
Nombre personal Merani, Alberto L.
700 12 - ASIENTO SECUNDARIO -- NOMBRE PERSONAL
Nombre personal Scipione, Daniel,
Mención de responsabilidad tr.
740 02 - ASIENTO SECUNDARIO DE TÍTULOS RELACIONADOS O ANALÍTICOS NO CONTROLADOS
Título analítico o relacionado no controlado La educación en Latinoamerica : mito y realidad.
830 #0 - ASIENTO SECUNDARIO DE SERIE--TÍTULO UNIFORME
Título uniforme Pedagógica
830 #0 - ASIENTO SECUNDARIO DE SERIE--TÍTULO UNIFORME
Título uniforme Compendio de la ciencia de la educación
910 ## - VALIDACIÓN
Validación 00260
942 ## - ADDED ENTRY ELEMENTS (KOHA)
Source of classification or shelving scheme Dewey Decimal Classification
Koha item type Libros
945 ## - INFORMACIÓN DE PROCESAMIENTO LOCAL
Información de procesamiento local Inventariado, 2018/MFF
956 ## - LOCAL ELECTRONIC LOCATION AND ACCESS (OCLC)
Nombre de host Lorenza Pérez
Número de acceso 10
Información de compresión 20151120
Instrucción BPMSU
Existencias
Withdrawn status Lost status Source of classification or shelving scheme Damaged status Not for loan Collection code Home library Current library Date acquired Source of acquisition Total Checkouts Barcode Date last seen Price effective from Koha item type
    Dewey Decimal Classification     Colección General Biblioteca Pública Metropolitana Salomé Ureña Biblioteca Pública Metropolitana Salomé Ureña 11/20/2015 Donación   BPMSU15110409 11/20/2015 11/20/2015 Libros